| 000 | 00772nam a22001817a 4500 | ||
|---|---|---|---|
| 003 | CEME | ||
| 005 | 20210628210531.0 | ||
| 008 | 210209b xxu||||| |||| 00| 0 eng d | ||
| 020 | _a81-87583-002 | ||
| 040 | _c. | ||
| 082 | _a355.02 FIR | ||
| 100 |
_aCampen, Alan.D _979833 |
||
| 245 | _aThe first information war the story of communications,computers and intelligence systems in the persian gulf war | ||
| 260 |
_aRAWALPINDI _bARMY EDUCATION PRESS _c2000 |
||
| 300 | _a195P | ||
| 650 |
_aINTELLIGENCE SYSTEMS IN GULF WAR INFORMATION WAR SPECTRUM MANAGEMENT SPACE WAR COMMUNICATION SUPPORT TO INTELLIGENCE CAFMS GOES TO WAR INFORMATION SYSTEMS AND AIR WARFARE COMMUNICATION SUPPORT FOR HIGH TECHNOLOGY BATTLEFIELD DESERT STORM COMMUNICATION _979834 |
||
| 942 |
_cBK _2ddc |
||
| 999 |
_c584828 _d584828 |
||